South Park: The Stick Of Truth Characters Quiz - Statistics

General Stats
  • This quiz has been taken 198 times
  • The average score is 8 of 17
Answer Stats
Hint Answer % Correct
Wizard King Cartman
99%
The Paladin Butters
78%
The Bard Jimmy
69%
Gets Probed... A Lot Randy Marsh
65%
He Brings Chef Back To Life... Sort Of Clyde
51%
Tries To Keep Craig In Detention Mr Mackey
51%
He Keeps Spamming You With Messages On Facebook Al Gore
46%
Your Character Douchebag
46%
Which Group Of People Took Over City Wok Mongolians
45%
The Games Final Boss Nazi Zombie Princess Kenny
40%
Gets Crushed By Your Mothers Breast Warlock Gnome
40%
Teaches You The Nagasaki Terrance and Phillip
37%
Takes You To The Girls Hideout Annie
33%
Find This Characters Missing Children Mr Hankey
25%
You Can Either Spare This Holy Person, Or Take His Balls Bishop Of Banff
23%
Had The Biggest Abortion In South Park Khloe Kardashian
22%
You Can Get Aids From These Animals Dire Bears, Snakes, Wolves
19%
No matching quizzes found
Score Distribution
Percent of People with Each Score
Percentile by Number Answered
Your Score History
You have not taken this quiz